Statistiques concernant Culture Générale - Série 1865

Cliquez ici pour prendre le quiz!

Statistiques générales

  • Ce quiz a été pris 77 fois
  • Le résultat moyen est 3 sur 10

Statistiques - réponses

QuestionRéponse% Correct
Dans quelle capitale européenne Maria Schneider et Marlon Brando se sont-ils rencontrés en 1972 pour le dernier tango ?Paris
88%
De quel pays les îles Féroé font-elles partie ?Danemark
75%
Quel adjectif désigne une personne versatile en référence à un satellite ?lunatique
60%
Quel mot d'origine persane signifie dessous-de-table, pot-de-vin ?bakchich
40%
Religieux musulman appartenant à une confrérie mystique, rimant avec "riche"derviche
32%
Quelle ville allemande est surnommée "La Florence du nord" ?Dresde
19%
Celui des Philippines est le plus petit primate au monde - voir phototarsier
15%
Quelle est l'unité monétaire du Cambodge ?riel
10%
Quel mot tiré du grec et signifiant"chant de mort" désigne un poème mélancolique ?élégie
7%
Quelle invention attribue-t-on à Rowland Hill en 1840 ?timbre-poste
1%

Distribution des résultats

Percentile par nombre de réponses

% des personnes avec chaque résultat

Votre développement - résultats

Vous n’avez pas pris ce quiz